Регионална библиотека "Любен Каравелов" - Русе

Един път, един храм, един дворец и десет века история (Запис номер 177669)

MARC детайли
000 -Лидер
Контролно поле с фиксирана дължина 01994nam a2200385 c 4500
003 - Код на организацията, давaща контролен номер
Контролно поле BLK
005 - Дата и час на последна редакция
Контролно поле 20200908133057.0
008 - Елементи от данни с фиксирана дължина
fixed length control field 180411b bul|||||r ||||||| ||bul||
010 ## - Наследен системен номер
LC control number KNG00186361000
020 ## - Международен стандартен номер на книга ISBN
Международен стандартен номер на книга ISBN 9789543781256
040 ## - Източник на каталожния запис
Идентификатор на билиотеката - собственик на записа BLK
041 ## - Код за език
Код за езика на текст/звукозапис или на отделно заглавие Български
Код за езика КДБФ Български
072 #7 - Код за тематичната категория
Код организация bullib
Код за тематична категория Н92
Текст История Н
080 ## - УДК
Текстов определител УДК Паметници на културата на историческите периоди. Археологическите паметници. Старини
УДК код - определител по УДК 904
УДК определител (497.2)
УДК - код + определител 904(497.2)
100 1# - Редна дума - Автор
Автор Вачкова, Веселина Кирилова
Авторска отговорност първи автор
R(LIN) 371734
139 ## - Редно поле
Редна дума Вачкова, Веселина Кирилова
Авторски знак Вач - В 31
245 10 - Сведения за заглавието
Заглавие Един път, един храм, един дворец и десет века история
Подзаглавни данни От Скретиска до Костинброд 4 - 14 век
Редно поле (дума) Веселина Вачкова.
257 ## - Страна на издаване
Страна на създаване/издаване България
260 ## - Област на издателските данни
Име на издателя, разпространителя и проч. Тангра ТанНакРа
Година на издаване 2015
Печатница Костинброд : Мултипринт
Място на издаване, разпространение и проч. София
300 ## - Физическа характеристика
Страници 368 с.
Илюстрации и др. с цв. ил., факс., к.
Размери/Мащаб 31 см
380 ## - Жанр
Жанр История
500 ## - Общи забележки
Забележка Загл. на кор.: Скретиска - един път, един храм, един дворец и десет века история. - Надмогване на Damnatio memоriae (осъждането на забрава) / Валерия Фол: с. 8-10. - Биогр. данни за авт.
650 #4 - Допълнително описание по предмет – тема
Основно описание – тема или топоним Крепости, български
9 (RLIN) 279242
650 #4 - Допълнително описание по предмет – тема
Основно описание – тема или топоним България - старини
9 (RLIN) 262139
651 #4 - Допълнително описание по предмет - топоним
Географско понятие Костинброд
9 (RLIN) 179076
653 ## - Ключова дума – ненормативна
Ключова дума крепости
653 ## - Ключова дума – ненормативна
Ключова дума български крепости
653 ## - Ключова дума – ненормативна
Ключова дума археологически паметници
659 ## - Тематичен бюлетин
Тематичен бюлетин Н
852 ## - Местоположение
Форматна сигнатура Цб ІІ 21178
856 4# - Електронен адрес и достъп
Електронен формат pdf - файл
856 4# - Електронен адрес и достъп
Електронен формат pdf - файл
999 ## - СИСТЕМНИ КОНТРОЛНИ НОМЕРА
Koha biblionumber 177669
Koha biblioitemnumber 177669
942 ## - АРТИКУЛИ
Вид на библиотечния материал Книги
Скрит в OPAC Не
Периодичен библиозапис Да
944 ## - СЪЗДАВАНЕ И РЕДАКЦИЯ на ЗАПИСА
Създаване/Редакция Създаване
Дата на регистрацията/редакция 10.02.2016
Служител, извършил регистрацията/редакцията Виолета_Тройчева
944 ## - СЪЗДАВАНЕ И РЕДАКЦИЯ на ЗАПИСА
Създаване/Редакция Редакция
Дата на регистрацията/редакция 18.05.2017
Служител, извършил регистрацията/редакцията Виолета_Тройчева
999 ## - СИСТЕМНИ КОНТРОЛНИ НОМЕРА
Koha biblioitemnumber 177669
Наличности
Код за отписване Код за изгубен артикул Код за повреда Коз за рестрикции Код за отдаване Артикулен № Име на библиотеката - собственик Име на библиотеката, в която се намира в момента Статус (Текущо местоположение) Дата на вписване в системата Местоположение - отдел Цена в лева Инвентарен номер Систематично азбучна сигнатура Баркод Номер на екземпляра Цена в евро Служебна бележка Служебен тип на артикула Източник на класификационната схема
  Не е изгубен Не е повреден без рестрикции ползва се в читалня 305248 Регионална библиотека "Любен Каравелов" Русе Регионална библиотека "Любен Каравелов" Русе Хранилище 2016-02-11 Хранилище 60.00 120000797623 Цб ІІ 21178 120000797623 1 30.68 Дост: Dp Вид: Д N: 3 Дата: 12.01.2016 Книги  
  Не е изгубен Не е повреден без рестрикции заемане за дома 799684 Регионална библиотека "Любен Каравелов" Русе Регионална библиотека "Любен Каравелов" Русе Заемна - подръчен фонд 2020-09-18 Заемна - подръчен фонд 48.00   904/В 31 В 120000846940   24.54   Книги Universal Decimal Classification
  Не е изгубен Не е повреден само за читалня ползва се в читалня 799685 Регионална библиотека "Любен Каравелов" Русе Регионална библиотека "Любен Каравелов" Русе Читалня 2020-09-18 Читалня 48.00   9/В 31 В 120000846939   24.54   Книги Universal Decimal Classification
Vip Innovations Ltd, Rousse, Bulgaria 2025